| 000 | 00733nam a2200217Ii 4500 | ||
|---|---|---|---|
| 003 | JO-AjNU | ||
| 008 | 230605s9999||||xx |||||||||||||| ||und|| | ||
| 017 | _a1975/3881 | ||
| 040 |
_aJO-AjNU _bara _erda _cJO-AjNU |
||
| 041 | _aara | ||
| 050 | 1 | 4 | _aHF5655.A7.A356 1976 |
| 100 | 3 |
_aتأليف موسى، احمد محمد, _eauthor _938054 |
|
| 245 | 0 | 0 | _aالمحاسبة التشخيصية |
| 250 | _aط1 | ||
| 264 | 3 | 1 | _aالقاهرة: دار النهضة العربية، 1976 |
| 300 |
_a679ص _bيحتوي على ببلوغرافية من ص677-679 ص |
||
| 336 |
_atext _btxt _2rdacontent |
||
| 337 |
_aunmediated _bn _2rdamedia |
||
| 338 |
_avolume _bnc _2rdacarrier |
||
| 650 | 4 |
_aالمحاسبة الادارية _938055 |
|
| 999 |
_aA15956 _c19524 _d19524 |
||